| 000 | 00979nas a2200301 4500 | ||
|---|---|---|---|
| 001 | BR0808079 | ||
| 003 | BR-BrBNA | ||
| 005 | 20231205112809.0 | ||
| 007 | ta | ||
| 008 | 230509b bl.|||p| |||| 00| 00por d | ||
| 040 |
_aBR-BrBNA _bpor _cBiblioteca Nacional de Agricultura |
||
| 041 | _a(Pt) | ||
| 072 | _aL50; L02 | ||
| 100 | 1 | _aMendonça, C.X. de | |
| 100 | 1 | _aWatamabe, C. | |
| 100 | 1 | _aMori, A.V. | |
| 100 | 1 | _aSantos, C. de O.F. | |
| 100 | 1 | _aAlmeida, C.R.M. de | |
| 245 | 1 | _aEfeitos de níveis de cobre suplementar na dieta sobre o desempenho produtivo, colesterol na gema e lípides no plasma sangüineo de poedeiras comerciais | |
| 650 | _aDIETA | ||
| 650 | _aCOBRE | ||
| 650 | _aPRODUÇÃO | ||
| 650 | _aPERFORMANCE | ||
| 650 | _aGALINHA | ||
| 773 | 0 |
_tBrazilian Journal of Veterinary Research and Animal Science (Brazil) _xISSN 1413-9596 _g(1999), v. 36(4/6) p. 327-331 _wBR0808079 |
|
| 909 |
_a202311 _bLúcia _c55 _dLúcia Elande |
||
| 942 |
_2AGRIS _n0 _cANA |
||
| 999 |
_c200041 _d200041 |
||